Las neurosis : de los hombres célebres en las historia argentina /
Guardado en:
| Autor Principal: | |
|---|---|
| Formato: | Libro |
| Idioma: | Spanish |
| Publicado: |
Buenos Aires :
Talleres Gráficos Argentinos,
1932
|
| Edición: | 2a. ed. |
| Materias: | |
| Etiquetas: |
Agregar Etiqueta
Sin Etiquetas, Sea el primero en etiquetar este registro!
|
| LEADER | 00462nam a22001335a 4500 | ||
|---|---|---|---|
| 001 | DER.der000171 | ||
| 008 | 180615s1932####ag#||||||||||||||#||spa|| | ||
| 005 | 20260202081030.0 | ||
| 245 | 1 | 0 | |a Las neurosis : |b de los hombres célebres en las historia argentina / |c José M. Ramos Mejía |
| 250 | |a 2a. ed. | ||
| 260 | |a Buenos Aires : |b Talleres Gráficos Argentinos, |c 1932 | ||
| 100 | 1 | |a Ramos Mejía, José M. | |
| 650 | 7 | |a CRIMINOLOGÍA | |
| 859 | |a DERECHO |b BIB. DERECHO |h 157.7 |i RAM |p 006882 | ||
